00715 2200265 4500001002100000005001500021035002000036007000300056008004100059020001800100082001100118084001700129100002400146245005100170250001200221300004300233650001900276650001000295650002100305264003600326336002100362337003000383338002300413990001300436INLIS00000000003890220211203110704 a0010-1121000005ta211203 0 ind  a9786232099821 a005.43 a005.43 USM d0 aUsman A.ePengarang1 aDebian 9.4 :bBermain Dengan Linux /cUsman A. aedisi 1 aviii, 98 halaman :bilustrasi ;c23 cm 4aSistem Operasi 4aLinux 4aOperating System aYogyakarta :bDeepublish,c2019 2rdacontentaTeks 2rdamediaaTanpa Perantara 2rdacarrieraVolume a21/00083